Central Library OPAC University of Rajshahi

Co-operation & co-operative law in Pakistan. (Record no. 3687)

MARC details
000 -LEADER
fixed length control field 00755cam a22002531 4500
001 - CONTROL NUMBER
control field 3687
003 - CONTROL NUMBER IDENTIFIER
rucl marc code BD-RjUL
005 - DATE AND TIME OF LATEST TRANSACTION
control field 20211208233753.0
008 - FIXED-LENGTH DATA ELEMENTS--GENERAL INFORMATION
fixed length control field 131219s1951 pk b 000 0 eng
035 ## - SYSTEM CONTROL NUMBER
System control number (BD-RjUL)3721
System control number (OCoLC)10593711
040 ## - CATALOGING SOURCE
Original cataloging agency DLC
Transcribing agency CLS
Modifying agency DLC
-- BD-RjUL
Language of cataloging eng
041 ## - LANGUAGE CODE
Language code of text/sound track or separate title eng
082 ## - DEWEY DECIMAL CLASSIFICATION NUMBER
Edition number 334
Author mark and year LAC
100 1# - MAIN ENTRY--PERSONAL NAME
Personal name Lala, M. D.,
Dates associated with a name 1908-
9 (RLIN) 11715
245 10 - TITLE STATEMENT
Title Co-operation & co-operative law in Pakistan.
260 ## - PUBLICATION, DISTRIBUTION, ETC. (IMPRINT)
Place of publication, distribution, etc. Hyderabad, Pakistan :
Name of publisher, distributor, etc. Sind Provincial Co-operative Institute ,
Date of publication, distribution, etc. c1951.
300 ## - PHYSICAL DESCRIPTION
Pagination xxiii, 387 p. :
Illustrations map. ;
Size 23 cm.
650 #0 - SUBJECT ADDED ENTRY--TOPICAL TERM
Topical term or geographic name as entry element Cooperative societies
Geographic subdivision Pakistan
General subdivision Law.
9 (RLIN) 11716
Topical term or geographic name as entry element Cooperation
Geographic subdivision Pakistan.
9 (RLIN) 11717
942 ## - ADDED ENTRY ELEMENTS (KOHA)
Source of classification or shelving scheme Dewey Decimal Classification
Koha item type Books
Holdings
Lost status Source of classification or shelving scheme Damaged status Not for loan Collection code Permanent Location Current Location Shelving location Date acquired Total Checkouts Full call number Date last seen Copy number Koha item type
  Dewey Decimal Classification   Not For Loan Non-fiction Central Library, University of Rajshahi Central Library, University of Rajshahi Reading Room 19/12/2013   334 LAC 1951 19/12/2013 C-1 Books